000 00555nam a2200193Ia 4500
005 20250508150717.0
008 008 250505s9999 xx 000 0 eng d
037 _aTextual
040 _aFEDL
_beng
_cFEDL
041 _aeng
_2eng
084 _a917, STA
_qFEDL
100 _aStamp L Dudley
245 0 _aRegional geography for higher certificate and intermediate courses, Part 1
250 _a5
260 _aLondon, UK
_bLongmans, Green and Co.
_c1947
300 _avii,177p
942 _cTEXL
_h917, STA
999 _c1325200
_d1325200